00422nam a2200169Ia 450000500170000000800410001702000180005804100120007608200150008810000150010324500240011825000080014226000360015050000150018665000380020170000130023920240823013945.0240823s9999||||xx |||||||||||||| ||und|| a81-7919-518-8 aENGLISH A621.402 P4 aAjoy Kumar 0aThermal Engineering a1st c2004b"Narosa, New "aNew Delhi aTRANSFERED aThermalbAeronautical Engineering a Sah G N